000 02119nam a2200481 c 4500
003 BLK
005 20250620173912.0
008 180410b bul|||||r ||||||| ||bul||
010 _aKNG00153317000
020 _a9789542619451
040 _aBLK
041 _aBUL
_cBUL
072 7 _2bullib
_aН15
_xПсихология Н
080 _aИндивидуална психология. Психология на личността. Индивидуалност. Психология на характера. Характерология. Психологическа типология
_b159.923
_z159.923
080 _aМорал и общество. Човешки отношения. Уважение. Независимост. Вж и 395
_b177
_z177
100 _aКлиър, Джеймс
_eпърви автор
_9401572
139 _aКлиър, Джеймс
_bК 66
245 1 0 _aАтомни навици
_bМинимална промяна, забележителни резултати: Лесен и доказан начин да си изградим добри навици и да се избавим от лошите.
_cДжеймс Клиър; прев. от англ.Огнян Алтънчев.
257 _aUSA
260 _bХермес
_c2019
_9209439
_aПловдив
_n978-954-26- ; 978-954-459-
300 _a360 с.
_c20 см
380 _a1
500 _aОриг. загл. Atomic habits / James Clear.
650 4 _aПоведение
_9166567
650 4 _aДоверие
_9153604
650 4 _aУспех
_9174913
650 4 _aЛичност - психология
_9243160
653 _aлюбов
653 _aразговор
653 _aгняв
653 _aсправедливост
653 _aиндивидуална психология
659 _aН
700 _aАлтънчев, Огнян Иванов
_d1949-
_9365196
856 4 _qpdf
856 4 _qpdf
942 _cKNG
_n0
_s1
_048
944 _aCR
_c14.11.2013
_k30531
_lЦветелина Шанова
999 _c347513
_d347513
999 _d347513
999 _d347513
999 _d347513
999 _d147109